A century of dishonor : a sketch of the United States government's dealings with some of the Indian tribes
Saved in:
| Main Author: | |
|---|---|
| Format: | Book |
| Language: | English |
| Published: |
Norman :
University of Oklahoma Press,
c1994
|
| Subjects: | |
| Tags: |
Add Tag
No Tags, Be the first to tag this record!
|
MARC
| LEADER | 00000nam a2200000 i 4500 | ||
|---|---|---|---|
| 001 | 1/26448 | ||
| 008 | 981217s1994 eng d | ||
| 020 | |a 0-8061-2726-0 | ||
| 035 | |l 10037581 | ||
| 040 | |a GR-MY-UA |b gre |e aacr | ||
| 041 | 0 | |a eng | |
| 082 | 0 | |a 973.0497 | |
| 100 | 1 | |a Jackson, Helen Hunt |d 1830-1885. | |
| 245 | 1 | 2 | |a A century of dishonor : |b a sketch of the United States government's dealings with some of the Indian tribes / |c by Helen Jackson (H.H); foreword by Valerie Sherer Mathes |
| 260 | |a Norman : |b University of Oklahoma Press, |c c1994 | ||
| 300 | |a 528 p. | ||
| 504 | |a Includes index | ||
| 650 | 0 | 0 | |a Indians of North America |x Government relations. |
| 852 | |a INST |b LESVOS |e 19981217 |h 973.0497 JAC |p 005100017200 |q 005100017200 |t BK |y 0 | ||
| 901 | |a BIBL-1999-1 | ||
| 909 | |a Λ |b 060803 | ||
| 922 | |a 1ΕΛΗ |b 199811 |c ΚΠΣ/ΤΚ |d ΠΑΠΑΣΩΤΗΡΙΟΥ | ||
| 950 | |a 103-1998-07-27 | ||